[Event "Madrid-ch Seniors 65+"]
[Site "Madrid"]
[Date "2022.04.18"]
[Round "1"]
[White "Martinez Rubio, Felipe"]
[Black "Plaza Plaza, Prudencio"]
[Result "1-0"]
[WhiteElo "1632"]
[BlackElo "1245"]
[PlyCount "55"]
[EventDate "2022.04.18"]
[EventType "swiss"]
[EventRounds "7"]
[EventCountry "ESP"]
[SourceTitle "EXT 2023"]
[Source "ChessBase"]
[SourceDate "2022.10.05"]
[SourceVersion "1"]
[SourceVersionDate "2022.10.05"]
[SourceQuality "1"]

1. d4 Nf6 2. Bg5 e6 3. Nf3 h6 4. Bh4 d5 5. e3 Be7 6. Ne5 0-0 7. Bd3 Nbd7 8. f4 c5 9. c3 Nxe5 10. fxe5 Ne4 11. Bxe7 Qxe7 12. 0-0 b6 13. Nd2 Nxd2 14. Qxd2 a5 15. Qe2 c4 16. Bc2 b5 17. Rae1 Bd7 18. Bb1 b4 19. Bc2 g6 20. Rf6 bxc3 21. bxc3 a4 22. Qd2 a3 23. e4 Kg7 24. h4 h5 25. Qg5 Qd8 26. exd5 Be8 27. dxe6 fxe6 28. Rxg6+ 1-0

[Event "Madrid Chamartin op 8th"]
[Site "Madrid"]
[Date "2019.09.12"]
[Round "6"]
[White "Alises Fontecha, Juan"]
[Black "Martinez Rubio, Felipe"]
[Result "1-0"]
[WhiteElo "1574"]
[BlackElo "1720"]
[PlyCount "57"]
[EventDate "2019.09.09"]
[EventType "swiss"]
[EventRounds "9"]
[EventCountry "ESP"]
[SourceTitle "CBM 192 Extra"]
[Source "Chessbase"]
[SourceDate "2019.11.06"]
[SourceVersion "1"]
[SourceVersionDate "2019.11.06"]
[SourceQuality "1"]

1. d4 d5 2. c4 e6 3. Nf3 c6 4. Nc3 Bd6 5. e3 Nf6 6. Bd3 Nbd7 7. 0-0 h6 8. e4 dxe4 9. Nxe4 Nxe4 10. Bxe4 Nf6 11. Bc2 Qc7 12. Re1 0-0 13. Qd3 Bf4 14. Ne5 Bxc1 15. Raxc1 g6 16. Re3 b6 17. Rce1 Bb7 18. Rg3 Kh8 19. Qe3 Ng8 20. Rh3 Kg7 21. Qg3 g5 22. f4 Qe7 23. fxg5 Qxg5 24. Qxg5+ hxg5 25. Rh7+ Kf6 26. Rf1+ Ke7 27. Rhxf7+ Rxf7 28. Rxf7+ Kd6 29. Rd7# 1-0

[Event "Madrid Chamartin op 8th"]
[Site "Madrid"]
[Date "2019.09.09"]
[Round "1"]
[White "Renteria Becerra, Jorge Elicer"]
[Black "Martinez Rubio, Felipe"]
[Result "1-0"]
[WhiteElo "2286"]
[BlackElo "1720"]
[PlyCount "93"]
[EventDate "2019.09.09"]
[EventType "swiss"]
[EventRounds "9"]
[EventCountry "ESP"]
[SourceTitle "CBM 192 Extra"]
[Source "Chessbase"]
[SourceDate "2019.11.06"]
[SourceVersion "1"]
[SourceVersionDate "2019.11.06"]
[SourceQuality "1"]

1. e4 d6 2. d4 Nf6 3. Nc3 Nbd7 4. Nf3 e5 5. Bc4 Be7 6. 0-0 c6 7. a4 a5 8. Re1 Qc7 9. b3 Nb6 10. Bf1 h6 11. h3 g5 12. Bb2 g4 13. hxg4 Bxg4 14. dxe5 dxe5 15. Qd3 Rd8 16. Qe3 Nbd7 17. Ba3 Bb4 18. Bxb4 axb4 19. Ne2 Bh5 20. Nh2 Qb6 21. Qxb6 Nxb6 22. f3 Bg6 23. Nc1 Nbd7 24. Nd3 c5 25. Nb2 Ke7 26. Bb5 Nb8 27. Nf1 Nc6 28. Bxc6 bxc6 29. Nc4 Nd7 30. Nfe3 h5 31. Rad1 Rhg8 32. Kh2 f6 33. Rd6 Nb8 34. Red1 Rxd6 35. Nxd6 Ke6 36. Ndf5 Bxf5 37. Nxf5 Rh8 38. Kh3 Kf7 39. Rd6 Rc8 40. Kh4 Rh8 41. g3 Rc8 42. Kxh5 Rc7 43. Rd8 Nd7 44. Ra8 Nf8 45. a5 Ne6 46. a6 Nd4 47. a7 1-0

[Event "Madrid-ch Seniors 65"]
[Site "Madrid"]
[Date "2019.01.23"]
[Round "3"]
[White "Arroyo Fraile, Mario"]
[Black "Martinez Rubio, Felipe"]
[Result "0-1"]
[WhiteElo "1502"]
[BlackElo "1704"]
[PlyCount "66"]
[EventDate "2019.01.21"]
[EventType "swiss"]
[EventRounds "7"]
[EventCountry "ESP"]
[SourceTitle "CBM 188 Extra"]
[Source "ChessBase"]
[SourceDate "2019.02.26"]
[SourceVersion "1"]
[SourceVersionDate "2019.02.26"]
[SourceQuality "1"]

1. c4 g6 2. Nc3 c5 3. g3 Nc6 4. Bg2 Bg7 5. Nf3 e6 6. e4 Nge7 7. 0-0 b6 8. Re1 Bb7 9. Rb1 0-0 10. a3 Nd4 11. b4 Bc6 12. Bb2 Qc7 13. d3 Rad8 14. b5 Bb7 15. Ne2 Nxf3+ 16. Bxf3 d5 17. Bxg7 Kxg7 18. exd5 exd5 19. cxd5 Nxd5 20. Qb3 Kg8 21. Nc3 Nxc3 22. Bxb7 Nxb1 23. Bc6 Nd2 24. Qc2 Nf3+ 25. Bxf3 Qd7 26. Bc6 Qxd3 27. Qb2 Qd4 28. Qc1 c4 29. Re7 Qd1+ 30. Qxd1 Rxd1+ 31. Kg2 c3 32. Be4 Rc8 33. Bc6 c2 0-1

[Event "Madrid Chamartin op 7th"]
[Site "Madrid"]
[Date "2018.09.04"]
[Round "2"]
[White "Porras Fernandez, Alberto"]
[Black "Martinez Rubio, Felipe"]
[Result "1-0"]
[WhiteElo "1951"]
[BlackElo "1707"]
[PlyCount "110"]
[EventDate "2018.09.03"]
[EventType "swiss"]
[EventRounds "9"]
[EventCountry "ESP"]
[SourceTitle "CBM 187 Extra"]
[Source "ChessBase"]
[SourceDate "2018.11.04"]
[SourceVersion "1"]
[SourceVersionDate "2018.11.04"]
[SourceQuality "1"]

1. e4 c5 2. Nf3 e6 3. d4 cxd4 4. Nxd4 Nf6 5. Nc3 Nc6 6. Be3 d5 7. exd5 Nxd5 8. Nxd5 Qxd5 9. Nb5 Qe5 10. Be2 a6 11. Nd4 Nxd4 12. Bxd4 Qa5+ 13. Qd2 Qxd2+ 14. Kxd2 f6 15. f4 Bd6 16. g3 Ke7 17. Bb6 e5 18. fxe5 Bxe5 19. Bf3 Kf7 20. c3 Re8 21. Rae1 Bd7 22. Rhf1 g6 23. Bd5+ Kg7 24. Kc1 Rac8 25. Rd1 Ba4 26. Bb3 Bxb3 27. axb3 Re7 28. Rd5 Rc6 29. Bd8 Rf7 30. Rfd1 b5 31. Ba5 Re6 32. Bb4 g5 33. Bd6 Bxd6 34. Rxd6 Rfe7 35. Rxe6 Rxe6 36. Rd7+ Kg6 37. Kd2 h5 38. c4 bxc4 39. bxc4 f5 40. c5 Kf6 41. Rh7 Kg6 42. Rb7 Kf6 43. Rb6 f4 44. gxf4 gxf4 45. Rxe6+ Kxe6 46. b4 h4 47. Ke2 Kd5 48. Kf3 a5 49. bxa5 Kxc5 50. Kxf4 Kb5 51. Kg4 h3 52. Kxh3 Kxa5 53. Kg4 Kb6 54. Kf5 Kc7 55. Kf6 Kd8 1-0

[Event "Madrid San Viator op-A 30th"]
[Site "Madrid"]
[Date "2018.05.13"]
[Round "5"]
[White "Jimenez Gonzalez, Marcos"]
[Black "Martinez Rubio, Felipe"]
[Result "1-0"]
[WhiteElo "1802"]
[BlackElo "1728"]
[PlyCount "107"]
[EventDate "2018.04.08"]
[EventType "swiss"]
[EventRounds "9"]
[EventCountry "ESP"]
[SourceTitle "EXT 2019"]
[Source "ChessBase"]
[SourceDate "2018.10.10"]
[SourceVersion "1"]
[SourceVersionDate "2018.10.10"]
[SourceQuality "1"]

1. d4 Nf6 2. c4 e6 3. g3 c6 4. Bg2 d5 5. Nf3 Be7 6. 0-0 0-0 7. Nbd2 Re8 8. Qc2 h6 9. e4 dxe4 10. Nxe4 Nxe4 11. Qxe4 Nd7 12. Rd1 Nf6 13. Qc2 c5 14. b3 cxd4 15. Rxd4 Qa5 16. Bb2 e5 17. Rd2 e4 18. Bc3 Bb4 19. Bxb4 Qxb4 20. Nd4 e3 21. fxe3 Rxe3 22. a3 Qe7 23. Rf1 Rb8 24. Re2 Rxe2 25. Qxe2 Qxa3 26. Qe5 Ra8 27. Nb5 Qf8 28. Nc7 Ng4 29. Qf4 g5 30. Qd4 Rb8 31. Bd5 Qg7 32. Bxf7+ Kh8 33. Qd8+ Kh7 34. Qd3+ Kh8 35. Qd8+ Kh7 36. Bh5 Nf6 37. Qd3+ Kh8 38. Qd8+ Ng8 39. Bf7 Bh3 40. Qxb8 Bxf1 41. Qxg8+ Qxg8 42. Bxg8 Bd3 43. Bd5 b6 44. Kf2 Kg7 45. Ke3 Bb1 46. Kd4 Kf6 47. Nb5 a6 48. Nc3 Bc2 49. b4 h5 50. Be4 Bb3 51. Nd5+ Ke6 52. Nxb6 Kd6 53. Nd5 Ba4 54. c5+ 1-0

[Event "Madrid San Viator op-A 30th"]
[Site "Madrid"]
[Date "2018.05.06"]
[Round "4"]
[White "Unciti Juan, Javier"]
[Black "Martinez Rubio, Felipe"]
[Result "1-0"]
[WhiteElo "1970"]
[BlackElo "1728"]
[PlyCount "71"]
[EventDate "2018.04.08"]
[EventType "swiss"]
[EventRounds "9"]
[EventCountry "ESP"]
[SourceTitle "EXT 2019"]
[Source "ChessBase"]
[SourceDate "2018.10.10"]
[SourceVersion "1"]
[SourceVersionDate "2018.10.10"]
[SourceQuality "1"]

1. e4 g6 2. d4 Bg7 3. Nc3 c6 4. Be3 d5 5. f3 dxe4 6. fxe4 Qb6 7. Qd2 Qxb2 8. Rb1 Qa3 9. Bc4 Qa5 10. Nge2 Nf6 11. e5 Nd5 12. Nxd5 Qxd2+ 13. Bxd2 cxd5 14. Bxd5 Nc6 15. 0-0 0-0 16. c3 Nd8 17. Bg5 Re8 18. Ng3 Rb8 19. Bb3 h6 20. Ba4 b5 21. Rxb5 Nb7 22. Rb2 Kf8 23. Bxe8 Kxe8 24. Bf4 Ra8 25. Rfb1 Nd8 26. Rb8 Rxb8 27. Rxb8 Kd7 28. Ne4 g5 29. Bg3 Ne6 30. h4 Kc7 31. Rb2 Kc6 32. hxg5 hxg5 33. Rf2 Kd5 34. Nd2 f6 35. exf6 exf6 36. Rf5+ 1-0

[Event "Madrid San Viator op-A 30th"]
[Site "Madrid"]
[Date "2018.04.08"]
[Round "1"]
[White "Martinez Rubio, Felipe"]
[Black "Camarero Izquierdo, Juan Carlos"]
[Result "0-1"]
[WhiteElo "1728"]
[BlackElo "1946"]
[PlyCount "100"]
[EventDate "2018.04.08"]
[EventType "swiss"]
[EventRounds "9"]
[EventCountry "ESP"]
[SourceTitle "EXT 2019"]
[Source "ChessBase"]
[SourceDate "2018.10.10"]
[SourceVersion "1"]
[SourceVersionDate "2018.10.10"]
[SourceQuality "1"]

1. d4 f5 2. Nd2 d5 3. g3 Nf6 4. Bg2 e6 5. e3 Bd6 6. a3 Nbd7 7. b4 a5 8. bxa5 Rxa5 9. c4 c6 10. c5 Bc7 11. Ngf3 0-0 12. 0-0 e5 13. Nb3 Ra8 14. Qc2 e4 15. Ng5 Qe8 16. f4 b6 17. Bd2 Ba6 18. Rfe1 Bc4 19. cxb6 Bxb6 20. Bb4 Bxb3 21. Qxb3 c5 22. dxc5 Bxc5 23. Bxc5 Nxc5 24. Qb6 Qe7 25. Qb1 h6 26. Nh3 Nd3 27. Re2 Rxa3 28. Rxa3 Qxa3 29. Qc2 Kh7 30. Qd2 Ng4 31. Bf1 Rc8 32. Kg2 Rc1 33. Nf2 Ngxf2 34. Rxf2 Nxf2 35. Kxf2 Qc5 36. Be2 Rc2 37. Qd1 Qc4 38. h3 Qa2 39. g4 Rd2 40. Qe1 fxg4 41. hxg4 Qb2 42. g5 d4 43. exd4 Qxd4+ 44. Kf1 Qe3 45. Qf2 Qxf2+ 46. Kxf2 hxg5 47. fxg5 Kg6 48. Ke3 Rxe2+ 49. Kxe2 Kxg5 50. Ke3 Kf5 0-1

[Event "Madrid-ch Seniors 65 1718"]
[Site "Madrid"]
[Date "2018.01.23"]
[Round "2"]
[White "Martinez Rubio, Felipe"]
[Black "Lopez Heras, Arturo"]
[Result "0-1"]
[WhiteElo "1754"]
[BlackElo "1859"]
[PlyCount "82"]
[EventDate "2018.01.22"]
[EventType "swiss"]
[EventRounds "7"]
[EventCountry "ESP"]
[SourceTitle "EXT 2020"]
[Source "ChessBase"]
[SourceDate "2019.10.17"]
[SourceVersion "1"]
[SourceVersionDate "2019.10.17"]
[SourceQuality "1"]

1. d4 c5 2. e3 Nf6 3. Nf3 e6 4. Bd3 d5 5. c3 Nc6 6. Nbd2 cxd4 7. exd4 Bd6 8. Qe2 0-0 9. Ne5 Nd7 10. f4 Qh4+ 11. g3 Qh3 12. Ndf3 Bxe5 13. Ng1 Qh6 14. fxe5 g5 15. Qg4 Ncxe5 16. dxe5 Nxe5 17. Qe2 Qf6 18. Be3 Bd7 19. Bd4 Nxd3+ 20. Qxd3 e5 21. Be3 d4 22. cxd4 Bc6 23. d5 Rad8 24. Nh3 Rxd5 25. Qf1 Qg6 26. Qe2 Rfd8 27. Qg4 Rd3 28. Qxg5 Bxh1 29. Nf2 Rxe3+ 30. Qxe3 Bc6 31. Rd1 Re8 32. Qxa7 Qc2 33. Qb6 Bf3 34. Qb5 Rc8 35. Qxe5 Bxd1 36. Nxd1 Qc6 37. Qg5+ Kf8 38. Nf2 Qg6 39. Qd2 Rc2 40. Qb4+ Kg7 41. a4 Qe6+ 0-1

[Event "Madrid San Viator op-A 28th"]
[Site "Madrid"]
[Date "2017.05.21"]
[Round "7"]
[White "Martin Lozano, Miguel Angel"]
[Black "Martinez Rubio, Felipe"]
[Result "0-1"]
[WhiteElo "1759"]
[BlackElo "1711"]
[PlyCount "132"]
[EventDate "2017.03.26"]
[EventType "swiss"]
[EventRounds "9"]
[EventCountry "ESP"]
[SourceTitle "EXT 2018"]
[Source "ChessBase"]
[SourceDate "2017.10.13"]
[SourceVersion "1"]
[SourceVersionDate "2017.10.13"]
[SourceQuality "1"]

1. d4 Nf6 2. Bf4 e6 3. e3 c5 4. c3 d5 5. Nd2 Nc6 6. Bd3 Bd6 7. Bg3 b6 8. Ngf3 Bb7 9. Ne5 0-0 10. f4 Ne7 11. Qf3 Nf5 12. Bf2 Be7 13. g4 Nd6 14. Bh4 Nfe4 15. Bxe7 Qxe7 16. g5 cxd4 17. exd4 f6 18. gxf6 Qxf6 19. Qh3 Rad8 20. 0-0-0 Qf5 21. Qg2 g6 22. h4 Kh8 23. h5 gxh5 24. Rh4 Nf7 25. Rdh1 Nxe5 26. dxe5 Qg6 27. Qh2 Qg3 28. Nxe4 Qxh2 29. R1xh2 dxe4 30. Rxh5 Rf7 31. Bc4 Bd5 32. Bxd5 Rxd5 33. R2h4 Rd3 34. Rh6 Re7 35. Rf6 Rd8 36. f5 exf5 37. Rxf5 e3 38. Re4 Rd3 39. e6 h6 40. Rf3 Rd8 41. Rfxe3 Kg7 42. Rf4 Rde8 43. Rg3+ Kh7 44. Re3 Rxe6 45. Rxe6 Rxe6 46. Rf7+ Kg6 47. Rxa7 h5 48. Ra8 h4 49. Rh8 Kg5 50. Kc2 Kg4 51. b4 h3 52. Kb3 Kg3 53. a4 h2 54. Kc4 Re4+ 55. Kb5 Rh4 56. Rxh4 Kxh4 57. Kxb6 h1Q 58. c4 Qa1 59. Kb5 Kg5 60. a5 Qe5+ 61. c5 Kf6 62. a6 Qb8+ 63. Kc6 Ke6 64. b5 Qc8+ 65. Kb6 Kd5 66. c6 Kd6 0-1

[Event "Madrid San Viator op-A 28th"]
[Site "Madrid"]
[Date "2017.04.23"]
[Round "4"]
[White "Sotoca Aguado, Jose"]
[Black "Martinez Rubio, Felipe"]
[Result "1-0"]
[WhiteElo "1860"]
[BlackElo "1711"]
[PlyCount "161"]
[EventDate "2017.03.26"]
[EventType "swiss"]
[EventRounds "9"]
[EventCountry "ESP"]
[SourceTitle "EXT 2018"]
[Source "ChessBase"]
[SourceDate "2017.10.13"]
[SourceVersion "1"]
[SourceVersionDate "2017.10.13"]
[SourceQuality "1"]

1. e4 c5 2. Nf3 e6 3. d4 cxd4 4. Nxd4 Nf6 5. Bd3 Nc6 6. Nxc6 bxc6 7. 0-0 Be7 8. e5 Nd5 9. c4 Nb4 10. Be4 Qc7 11. Bf4 Na6 12. Nc3 Nc5 13. Bc2 a5 14. Qg4 g6 15. Rfe1 h5 16. Qg3 Ba6 17. b3 Qd8 18. Rad1 Bh4 19. Qe3 Be7 20. Ne4 Nxe4 21. Qxe4 Qc7 22. Qf3 a4 23. Be4 Rd8 24. Qd3 axb3 25. axb3 Rb8 26. h3 Bb7 27. Qe3 c5 28. Bc2 Qc6 29. f3 Qc8 30. Ra1 Ra8 31. Bg5 Rxa1 32. Rxa1 Bxg5 33. Qxg5 Qd8 34. Qe3 Qc7 35. Qg5 Qd8 36. Qxd8+ Kxd8 37. Ra5 Ke7 38. Kf2 Ra8 39. Rxa8 Bxa8 40. h4 d6 41. exd6+ Kxd6 42. Ke3 f5 43. Kf4 e5+ 44. Kg5 e4 45. fxe4 fxe4 46. Kf4 e3 47. Kxe3 Bxg2 48. Bxg6 Ke5 49. Bxh5 Be4 50. Bd1 Bb1 51. h5 Kf6 52. Kf4 Bd3 53. h6 Bg6 54. b4 cxb4 55. c5 Be8 56. Bb3 Bc6 57. Ke3 Kg6 58. Kd4 Kxh6 59. Kc4 Kg5 60. Kxb4 Kf6 61. Ka5 Ke5 62. Kb6 Be4 63. Ba4 Bf5 64. Bb3 Be4 65. Kc7 Bf3 66. Ba4 Kd4 67. Kd6 Kc4 68. Bc6 Bg4 69. Bg2 Kb5 70. Bf1+ Ka5 71. c6 Kb6 72. Bg2 Bf5 73. c7 Bc8 74. Bc6 Ba6 75. Kd7 Ka7 76. Kd8 Kb6 77. Bd7 Ka7 78. Bc8 Bd3 79. Bb7 Bf5 80. Be4 Bg4 81. Bc6 1-0

[Event "Madrid-ch Seniors 65"]
[Site "Madrid"]
[Date "2017.01.27"]
[Round "6"]
[White "Leniz Martinez, Francisco"]
[Black "Martinez Rubio, Felipe"]
[Result "1/2-1/2"]
[WhiteElo "1721"]
[BlackElo "1706"]
[PlyCount "58"]
[EventDate "2017.01.20"]
[EventType "swiss"]
[EventRounds "7"]
[EventCountry "ESP"]
[SourceTitle "CBM 176 Extra"]
[Source "ChessBase"]
[SourceDate "2017.03.02"]
[SourceVersion "1"]
[SourceVersionDate "2017.03.02"]
[SourceQuality "1"]

1. Nf3 d5 2. c4 e6 3. d4 c6 4. e3 Nf6 5. Bd3 Bd6 6. 0-0 Nbd7 7. Nbd2 h6 8. Qc2 0-0 9. b3 Re8 10. Bb2 b6 11. e4 Nxe4 12. Nxe4 dxe4 13. Bxe4 Bb7 14. Ne5 Rc8 15. Bh7+ Kf8 16. Be4 Nf6 17. Bf3 Qc7 18. h3 c5 19. Bxb7 Qxb7 20. Qe2 cxd4 21. Bxd4 Rc7 22. Rad1 Bc5 23. Rd3 Bxd4 24. Rxd4 Rc5 25. Rfd1 Rc7 26. Qe3 Kg8 27. Rd8 Rc8 28. Rxe8+ Rxe8 29. Qd4 Qc7 1/2-1/2

[Event "Madrid-ch Seniors 65"]
[Site "Madrid"]
[Date "2017.01.20"]
[Round "1"]
[White "Buergo Villanueva, Fernando"]
[Black "Martinez Rubio, Felipe"]
[Result "0-1"]
[WhiteElo "1290"]
[BlackElo "1706"]
[PlyCount "108"]
[EventDate "2017.01.20"]
[EventType "swiss"]
[EventRounds "7"]
[EventCountry "ESP"]
[SourceTitle "CBM 176 Extra"]
[Source "ChessBase"]
[SourceDate "2017.03.02"]
[SourceVersion "1"]
[SourceVersionDate "2017.03.02"]
[SourceQuality "1"]

1. d4 e6 2. Nf3 f5 3. Bf4 Nf6 4. e3 b6 5. Bd3 Bb7 6. Nbd2 d5 7. c4 Ne4 8. 0-0 Be7 9. Ne5 0-0 10. Nb3 Ba6 11. h3 dxc4 12. Nxc4 c5 13. f3 Nf6 14. Qc2 Nc6 15. dxc5 Nb4 16. Qe2 Qxd3 17. Rfe1 Qxe2 18. Rxe2 Bxc4 19. Rd2 Bxb3 20. axb3 Bxc5 21. Kh1 Nfd5 22. Be5 Bxe3 23. Re2 Rfe8 24. Bd6 Bf4 25. Bxb4 Nxb4 26. Rd1 Rac8 27. Kg1 Rc1 28. Ree1 Rec8 29. Kf2 Rxd1 30. Rxd1 Rc2+ 31. Kf1 Rc1 32. Ke2 Rxd1 33. Kxd1 Nd3 34. h4 a5 35. h5 Kf7 36. Kc2 Ne1+ 37. Kc3 Nxg2 38. Kc4 Ne1 39. b4 axb4 40. Kxb4 Nxf3 41. Kb5 e5 42. Kxb6 e4 43. b4 e3 44. b5 e2 45. Kc6 Nd4+ 46. Kc5 e1Q 47. b6 Ne6+ 48. Kc6 Qe4+ 49. Kb5 Qb7 50. Ka5 Bd2+ 51. Kb5 Be3 52. Ka5 Qxb6+ 53. Ka4 Nc5+ 54. Ka3 Qb3# 0-1

[Event "ESP-ch Seniors 65"]
[Site "Altea"]
[Date "2016.10.15"]
[Round "8"]
[White "Martinez Rubio, Felipe"]
[Black "Serra Olives, Tomas"]
[Result "0-1"]
[WhiteElo "1727"]
[BlackElo "2171"]
[PlyCount "74"]
[EventDate "2016.10.09"]
[EventType "swiss"]
[EventRounds "9"]
[EventCountry "ESP"]
[SourceTitle "EXT 2024"]
[Source "ChessBase"]
[SourceDate "2023.10.10"]
[SourceVersion "1"]
[SourceVersionDate "2023.10.10"]
[SourceQuality "1"]

1. d4 Nf6 2. Nf3 c5 3. d5 e6 4. dxe6 fxe6 5. c4 d5 6. cxd5 exd5 7. e3 Nc6 8. Nc3 Be7 9. Be2 0-0 10. h3 a6 11. 0-0 b5 12. b3 b4 13. Na4 Ne4 14. Bb2 Be6 15. Rc1 Bd6 16. Nd2 Nxf2 17. Rxf2 Rxf2 18. Kxf2 Qh4+ 19. Kg1 Rf8 20. Bf3 d4 21. Ne4 Ne5 22. Nxd6 Nxf3+ 23. gxf3 Qg3+ 24. Kf1 Rxf3+ 25. Qxf3 Qxf3+ 26. Ke1 Qg3+ 27. Kd1 Qxd6 28. exd4 cxd4 29. Rc2 Bxh3 30. Rd2 Bg4+ 31. Kc1 d3 32. Kb1 Be2 33. Bc1 h5 34. Nb2 h4 35. Nd1 h3 36. Nf2 h2 37. Bb2 Qf4 0-1

[Event "Madrid San Viator op 24th"]
[Site "Madrid"]
[Date "2015.04.26"]
[Round "5"]
[White "Mora Gonzalez Rojas, Francisco"]
[Black "Martinez Rubio, Felipe"]
[Result "0-1"]
[WhiteElo "1586"]
[BlackElo "1793"]
[PlyCount "140"]
[EventDate "2015.03.22"]
[EventType "swiss"]
[EventRounds "9"]
[EventCountry "ESP"]
[SourceTitle "EXT 2016"]
[Source "ChessBase"]
[SourceDate "2015.10.08"]
[SourceVersion "1"]
[SourceVersionDate "2015.10.08"]
[SourceQuality "1"]

1. e4 c6 2. Nf3 d5 3. exd5 cxd5 4. Bb5+ Bd7 5. Bxd7+ Qxd7 6. 0-0 e6 7. Ne5 Qc7 8. d4 Nc6 9. Nxc6 bxc6 10. Be3 Nf6 11. Nc3 h5 12. h3 g6 13. Qf3 Bg7 14. Bf4 Qe7 15. Be5 0-0 16. Qf4 Rfd8 17. Rfe1 Nd7 18. Bxg7 Kxg7 19. b3 Qb4 20. Ne2 c5 21. dxc5 Qxc5 22. Qd4+ e5 23. Qxc5 Nxc5 24. Rad1 d4 25. Ng3 f6 26. Ne4 Rac8 27. Nxc5 Rxc5 28. Rd2 Rdc8 29. Ree2 Rc3 30. f3 g5 31. Kf2 Kf7 32. g4 Rh8 33. Kg2 h4 34. Rd3 Rc6 35. a4 Rhc8 36. Rdd2 Rc3 37. Kf2 a5 38. Kg2 Rd8 39. Rd3 Rxd3 40. cxd3 Rc8 41. Rb2 Rc3 42. b4 axb4 43. Rxb4 Rxd3 44. a5 Ra3 45. Rb7+ Kg6 46. Ra7 Ra2+ 47. Kf1 d3 48. Ke1 Rh2 49. a6 Rxh3 50. Ra8 Rh1+ 51. Kd2 Ra1 52. a7 Kg7 53. Kxd3 h3 54. Rc8 Rxa7 55. Rc2 Kg6 56. Rh2 Ra3+ 57. Ke4 Ra4+ 58. Ke3 f5 59. gxf5+ Kxf5 60. Rxh3 Ra3+ 61. Kf2 Kf4 62. Ke2 e4 63. Rh1 exf3+ 64. Kf2 Ra2+ 65. Kg1 Kg3 66. Rh3+ Kxh3 67. Kf1 Kg3 68. Ke1 Kg2 69. Kd1 f2 70. Kc1 f1R# 0-1

[Event "Madrid-ch Previa-B"]
[Site "Madrid"]
[Date "2015.02.27"]
[Round "8"]
[White "Estevez Sacristan, Deva"]
[Black "Martinez Rubio, Felipe"]
[Result "1-0"]
[WhiteElo "1624"]
[BlackElo "1807"]
[PlyCount "61"]
[EventDate "2015.02.05"]
[EventType "swiss"]
[EventRounds "9"]
[EventCountry "ESP"]
[SourceTitle "EXT 2018"]
[Source "ChessBase"]
[SourceDate "2017.10.13"]
[SourceVersion "1"]
[SourceVersionDate "2017.10.13"]
[SourceQuality "1"]

1. e4 c5 2. Nf3 a6 3. Nc3 b5 4. a3 Bb7 5. d4 cxd4 6. Nxd4 e5 7. Nb3 Nf6 8. Bd3 Be7 9. 0-0 0-0 10. Be3 Qc7 11. Kh1 d6 12. f4 Nbd7 13. Qe1 Rac8 14. Rd1 Nb6 15. Qg3 Nh5 16. Qg4 Nxf4 17. Bxf4 exf4 18. Rxf4 Nc4 19. Bxc4 bxc4 20. Nd4 Rcd8 21. Nf5 g6 22. Nh6+ Kg7 23. Nf5+ Kh8 24. Nh6 Bc8 25. Qg3 Be6 26. Rdf1 f6 27. Ng4 f5 28. exf5 Rxf5 29. Rxf5 Bxf5 30. Nd5 Qd7 31. Qc3+ 1-0

[Event "Madrid-ch Previa-B"]
[Site "Madrid"]
[Date "2015.02.05"]
[Round "1"]
[White "Barragan Arriaza, Pablo"]
[Black "Martinez Rubio, Felipe"]
[Result "0-1"]
[WhiteElo "1585"]
[BlackElo "1807"]
[PlyCount "100"]
[EventDate "2015.02.05"]
[EventType "swiss"]
[EventRounds "9"]
[EventCountry "ESP"]
[SourceTitle "EXT 2018"]
[Source "ChessBase"]
[SourceDate "2017.10.13"]
[SourceVersion "1"]
[SourceVersionDate "2017.10.13"]
[SourceQuality "1"]

1. c4 c5 2. g3 g6 3. Bg2 Bg7 4. Nc3 Nc6 5. d3 e6 6. Bf4 d6 7. Qa4 Nge7 8. e4 0-0 9. Nge2 Nb4 10. Qd1 e5 11. Be3 a6 12. 0-0 f5 13. a3 Nbc6 14. f4 Nd4 15. fxe5 dxe5 16. Nd5 Nxd5 17. cxd5 b6 18. Nxd4 cxd4 19. Bd2 Rf7 20. Rc1 Bd7 21. Qb3 Rb8 22. Rc2 Qe8 23. Qa2 Bb5 24. Rf3 Kh8 25. Bb4 Bh6 26. Bd2 Bg7 27. Bb4 Rbb7 28. b3 a5 29. Be1 Qd7 30. a4 Ba6 31. Rc6 Bf8 32. Qc2 Bc5 33. Bxa5 Qe7 34. Re6 Qf8 35. Bd2 fxe4 36. Rxf7 Rxf7 37. Bxe4 Rf1+ 38. Kg2 Qf2+ 39. Kh3 Bc8 40. b4 Bxe6+ 41. dxe6 Be7 42. Qc8+ Kg7 43. Qd7 Qf6 44. a5 bxa5 45. bxa5 Rd1 46. Bf4 exf4 47. gxf4 Kh6 48. a6 Qh4+ 49. Kg2 Qg4+ 50. Kf2 Bh4# 0-1

[Event "Madrid-ch Previa-B"]
[Site "Madrid"]
[Date "2014.03.21"]
[Round "6"]
[White "Martinez Rubio, Felipe"]
[Black "Lianes Garcia, Marcos"]
[Result "0-1"]
[WhiteElo "1805"]
[BlackElo "1837"]
[PlyCount "100"]
[EventDate "2014.03.06"]
[EventType "swiss"]
[EventRounds "9"]
[EventCountry "ESP"]
[SourceTitle "CBM 159 Extra"]
[Source "ChessBase"]
[SourceDate "2014.04.24"]
[SourceVersion "1"]
[SourceVersionDate "2014.04.24"]
[SourceQuality "1"]

1. d4 Nf6 2. Bg5 e6 3. Nf3 c5 4. e3 Qb6 5. Qc1 Ne4 6. Bf4 Nc6 7. c3 d5 8. Nbd2 Nf6 9. Bd3 Bd7 10. Rb1 Rc8 11. Qd1 Be7 12. h4 h6 13. Ne5 Na5 14. dxc5 Qd8 15. b4 Nc6 16. Ndf3 a5 17. a3 axb4 18. axb4 Ra8 19. Ra1 g6 20. g4 Qc8 21. g5 hxg5 22. Nxg5 Nxe5 23. Bxe5 Rh6 24. Be2 Nh5 25. Nf3 f6 26. Bh2 Rxa1 27. Qxa1 e5 28. Qc1 Rh8 29. Nd2 Bc6 30. Rg1 Kf7 31. Qc2 e4 32. Qa2 Qe6 33. Nb3 d4 34. cxd4 Bd5 35. Bd1 b6 36. Qb2 bxc5 37. Nxc5 Bxc5 38. bxc5 Ng7 39. Qb6 Nf5 40. Qc7+ Qe7 41. Qxe7+ Nxe7 42. Bg3 Nf5 43. Rh1 Bc4 44. Kd2 Ra8 45. h5 gxh5 46. Rxh5 Kg6 47. Rh3 Be6 48. Bh5+ Kg7 49. Bf4 Ra2+ 50. Ke1 Ra1+ 0-1

[Event "Madrid-ch Previa-B"]
[Site "Madrid"]
[Date "2014.03.15"]
[Round "5"]
[White "Rojas Pozo, Jose Luis"]
[Black "Martinez Rubio, Felipe"]
[Result "1/2-1/2"]
[WhiteElo "1994"]
[BlackElo "1805"]
[PlyCount "146"]
[EventDate "2014.03.06"]
[EventType "swiss"]
[EventRounds "9"]
[EventCountry "ESP"]
[SourceTitle "CBM 159 Extra"]
[Source "ChessBase"]
[SourceDate "2014.04.24"]
[SourceVersion "1"]
[SourceVersionDate "2014.04.24"]
[SourceQuality "1"]

1. c4 c5 2. Nc3 Nc6 3. g3 g6 4. Bg2 Bg7 5. a3 e6 6. Rb1 Nge7 7. b4 d6 8. e3 Rb8 9. Nge2 b6 10. 0-0 0-0 11. d3 Bb7 12. b5 Ne5 13. e4 d5 14. Bf4 dxc4 15. dxc4 Rc8 16. Qa4 Ra8 17. Rfd1 Qc8 18. Qb3 Rd8 19. h3 h6 20. Be3 Qc7 21. f4 Nd7 22. Rd2 Nf8 23. Rbd1 Rxd2 24. Rxd2 Rd8 25. Qd1 Rxd2 26. Qxd2 Qd7 27. Qxd7 Nxd7 28. g4 Nc8 29. e5 Bxg2 30. Kxg2 Kf8 31. Kf3 f6 32. exf6 Bxf6 33. Ne4 Bg7 34. N2g3 Ke7 35. h4 Kf7 36. h5 g5 37. fxg5 Ne5+ 38. Kf4 Nxc4 39. gxh6 Bxh6+ 40. g5 Bg7 41. Bc1 N4d6 42. g6+ Ke7 43. Kg5 Nf7+ 44. gxf7 Kxf7 45. h6 Be5 46. Bf4 Bb2 47. a4 Ne7 48. Bb8 Bc1+ 49. Kh5 Nd5 50. Be5 Nf4+ 51. Kg4 Ng6 52. Bb8 Bxh6 53. Bxa7 Ne5+ 54. Kh5 Be3 55. Bxb6 Nd3 56. a5 Nf4+ 57. Kg4 Nd5 58. Bxc5 Ke8 59. Bxe3 Nxe3+ 60. Kf4 Nd5+ 61. Ke5 Kd8 62. b6 Kc8 63. Kxe6 Nxb6 64. Nd6+ Kc7 65. Nge4 Na8 66. Kd5 Nb6+ 67. Kc5 Nd7+ 68. Kb5 Nb8 69. Nc4 Nc6 70. a6 Nb8 71. a7 Kb7 72. a8Q+ Kxa8 73. Kb6 Nd7+ 1/2-1/2